|
|
|
|
| LEADER |
00000nam0a2200000 4500 |
| 001 |
674461 |
| 005 |
20240911095640.0 |
| 090 |
|
|
|a 674461
|
| 100 |
|
|
|a 20240911d1978 k||y0rusy50 ca
|
| 101 |
0 |
|
|a rus
|
| 102 |
|
|
|a BY
|
| 105 |
|
|
|a y z 101yy
|
| 181 |
|
0 |
|a i
|b e
|
| 182 |
|
0 |
|a n
|
| 183 |
|
0 |
|a nc
|2 RDAcarrier
|
| 200 |
1 |
|
|a I Всесоюзное совещание по автоматизации проектирования в машиностроении
|e материалы совещания
|f Институт технической кибернетики Академии наук Белорусской ССР
|
| 203 |
|
|
|a Текст
|b визуальный
|c непосредственный
|
| 210 |
|
|
|a Минск
|c Изд-во ИТК АН БССР
|d 1978
|
| 215 |
|
|
|a 150 с.
|
| 283 |
|
|
|a volume
|2 RDAcarrier
|
| 320 |
|
|
|a Библиогр. в конце докладов
|
| 517 |
1 |
|
|a 1 Всесоюзное совещание по автоматизации проектирования в машиностроении
|
| 517 |
|
|
|a Первое Всесоюзное совещание по автоматизации проектирования в машиностроении
|
| 606 |
1 |
|
|a Машиностроение
|x Технологическое проектирование
|x Автоматизация
|9 61271
|
| 610 |
1 |
|
|a САПР
|
| 610 |
1 |
|
|a система автоматизированного проектирования
|
| 610 |
1 |
|
|a ЭВМ
|
| 610 |
1 |
|
|a проектно-конструкторские работы
|
| 610 |
1 |
|
|a математические аспекты
|
| 610 |
1 |
|
|a конструирование
|
| 610 |
1 |
|
|a геометрические расчеты
|
| 610 |
1 |
|
|a совещания
|
| 610 |
1 |
|
|a доклады
|
| 675 |
|
|
|a 621.002:658.512(063)
|v 4
|
| 712 |
0 |
2 |
|a Академия наук Белорусской ССР
|b Институт технической кибернетики
|c (Минск)
|4 570
|9 23436
|
| 712 |
|
0 |
|4 570
|a Всесоюзное совещание по автоматизации проектирования в машиностроении
|c совещание
|d 1
|e Минск
|f 1978
|
| 801 |
|
0 |
|a RU
|b 63413507
|c 20240911
|
| 830 |
|
|
|a Ретро2024Каталогизация Кузнецова
|
| 850 |
|
|
|a 63413507
|
| 942 |
|
|
|c BK
|